La industria azucarera en Costa Rica a partir de 1960: un sector capitalista desarrollado /
Estudia el desarrollo de la industria azucarera en Costa Rica entre 1960 y 1978 y sus principales repercusiones sociales - Delimita el objeto de estudio y plantea los fundamentos teórico-metodológicos de la investigación. Orienta el análisis hacia los fundamentos del desarrollo capitalista en esta a...
Guardat en:
| Autor principal: | |
|---|---|
| Altres autors: | , |
| Format: | Text |
| Idioma: | Spanish |
| Publicat: |
San José, Costa Rica;
Editorial Universidad de Costa Rica:
1980
|
| Matèries: | |
| Etiquetes: |
Afegir etiqueta
Sense etiquetes, Sigues el primer a etiquetar aquest registre!
|
MARC
| LEADER | 00000 a a2200000 04500 | ||
|---|---|---|---|
| 001 | 20760 | ||
| 003 | cru IIS | ||
| 005 | 20210715141759.0 | ||
| 008 | 210715c1980 |||fn||| |||| 00| 0 spa d | ||
| 022 | |2 0482-5276 | ||
| 040 | |a CRAI-IIS |b SPA |c CRAI-IIS | ||
| 090 | |a 0482-5276 | ||
| 100 | |a Achio Tacsan, Mayra | ||
| 245 | |a La industria azucarera en Costa Rica a partir de 1960: un sector capitalista desarrollado / |c Mayra Achio Tacsan | ||
| 260 | |a San José, Costa Rica; |b Editorial Universidad de Costa Rica: |c 1980 | ||
| 300 | |a pp. 37-51 | ||
| 500 | |a Colección Centroamérica | ||
| 520 | |a Estudia el desarrollo de la industria azucarera en Costa Rica entre 1960 y 1978 y sus principales repercusiones sociales - Delimita el objeto de estudio y plantea los fundamentos teórico-metodológicos de la investigación. Orienta el análisis hacia los fundamentos del desarrollo capitalista en esta actividad económica, tomando como base las empresas azucareras más importante de la región Guanacaste - Puntarenas, y hacia la explicación de las relaciones sociales en dicho proceso. Reseña el inicio de la industria azucarera en el país. Examina las condiciones internas e externas que contribuyeron a la ampliación del mercado azucarero. Realiza un estudio de los empresario capitalistas vinculados a los principales ingenios azucareros | ||
| 600 | 0 | |9 10026 |a Achío Iacsan, Mayra | |
| 700 | |a Escalante Herrera, Ana Cecilia | ||
| 700 | |a Achío Iacsan, Mayra |9 10026 | ||
| 942 | |2 z |c PP |h REV0862 (19-20) 1980 |6 REV0862_1920_1980 | ||
| 999 | |c 13526 |d 13526 | ||
| 773 | 0 | |0 18728 |9 5854 |a Universidad de Costa Rica. |d San José, Costa Rica Editorial UCR 1959- |o 21461 |t Revista de Ciencias Sociales/ |x 04825276 | |
